Overwatch Heroes - Statistics

General Stats
  • This quiz has been taken 45 times
    37 since last reset
  • The average score is 26 of 29
Answer Stats
Role Hero Name % Correct
DPS Reaper
100%
Support Ana
97%
Support Lúcio
97%
Tank Roadhog
97%
Tank D.Va
93%
Support Mercy
93%
DPS Symmetra
93%
DPS Torbjörn
93%
DPS Tracer
93%
DPS Widowmaker
93%
Support Zenyatta
93%
DPS Ashe
90%
DPS Genji
90%
DPS Hanzo
90%
DPS Junkrat
90%
Tank Orisa
90%
DPS Pharah
90%
Tank Winston
90%
Tank Wrecking Ball
90%
Tank Zarya
90%
DPS Bastion
87%
DPS McCree
87%
Support Moira
87%
Tank Reinhardt
87%
DPS Soldier: 76
87%
DPS Sombra
87%
DPS Doomfist
83%
DPS Mei
83%
Support Brigitte
80%
No matching quizzes found
Score Distribution
Percent of People with Each Score
Percentile by Number Answered
Your Score History
You have not taken this quiz since the last reset